000 00814nam a2200253Ia 4500
003 0100
008 130303s9999 xx 000 0 und d
020 _a1880810239
040 _cARRUPELIB
050 _aBX3704.E51996
100 _aJesuits
245 4 _aThe constitutions of the Society of Jesus and their complementary norms = Constitutines. English
245 _ba complete English translation of the official Latin texts
250 _a1st
260 _aSaint Louis
260 _bInstitute of Jesuit Source
260 _C1996
300 _axxix
300 _b 502p. 23cm.
440 _aSeries 1--Jesuit primary sources, in English translations , no. 15
650 _bChaotic behaviour in systems
700 _aJesuits , ed. by Ignatius, of loyola , Title, Constitutines. English
942 0 0 _05
999 _c7664
_d7664